| 000 | 00462 a2200157 4500 | ||
|---|---|---|---|
| 003 | OSt | ||
| 005 | 20240801125450.0 | ||
| 008 | 231017b |||||||| |||| 00| 0 eng d | ||
| 040 | _coclc | ||
| 082 |
_a892.73 _bGIB/M |
||
| 100 | 1 |
_aGibran, Kahlil, _d1883-1931 _92057 |
|
| 245 |
_aMUKTHARATHU MIN RASAEL / _cKhalil Gibran |
||
| 260 |
_aBairuth: _bManshurath alam alshabab, |
||
| 300 | _a96p | ||
| 942 |
_2ddc _cBK _h892.73 _iGIB/M _k892.73 _mGIB/M |
||
| 999 |
_c42723 _d42723 |
||